000 00836nam a22002417a 4500
005 20111226100227.0
008 111226t xxu||||| |||| 00| 0 eng d
010 _aENG-104489
020 _a9788178358321
_c750.00
035 _aEN-88022
037 _bDBAD/PUB
040 _aDPL
_bEng
082 _a551.6095
100 _937371
245 0 0 _aClimate change :
_cedited by Krishan Saigal
_bthe human aspect /
260 _aDelhi
_bKalpaz Publications
_c2010
270 _aC-30, Satyawati Nagar,
_b Delhi
_e110052
300 _a308p.
_c22cm (Hb)
500 _aIncludes index
700 _aSaigal, Krishan
_937565
942 _2ddc
_cEN
_mCLI
_h551.6095
999 _c59955
_d59955